[Event "Sunnyvale Summer op"]
[Site "Sunnyvale"]
[Date "2023.07.03"]
[Round "6"]
[White "Caballero Quijano, Mitzy Mishell"]
[Black "Lee, Yesun"]
[Result "1-0"]
[WhiteElo "2041"]
[BlackElo "1765"]
[PlyCount "113"]
[EventDate "2023.07.01"]
[EventType "swiss"]
[EventRounds "7"]
[EventCountry "USA"]
[SourceTitle "EXT 2024"]
[Source "ChessBase"]
[SourceDate "2023.10.10"]
[SourceVersion "1"]
[SourceVersionDate "2023.10.10"]
[SourceQuality "1"]

1. d4 d5 2. c4 c6 3. Nc3 Nf6 4. Bg5 e6 5. e3 h6 6. Bh4 Be7 7. cxd5 exd5 8. Bd3 0-0 9. Nge2 Ne8 10. Bxe7 Qxe7 11. 0-0 Bg4 12. Qd2 Bxe2 13. Qxe2 Nd6 14. f3 Qf6 15. Rad1 Re8 16. Bb1 Nd7 17. e4 g6 18. b3 Qg7 19. Qf2 Nb6 20. e5 Ndc8 21. g4 f6 22. f4 Nd7 23. Rd3 fxe5 24. dxe5 g5 25. fxg5 hxg5 26. Rh3 Nf8 27. Rf3 Nb6 28. Rf5 Re7 29. Qe3 Ne6 30. Rf6 Nf4 31. R1xf4 gxf4 32. Qh3 Qh8 33. Rg6+ Rg7 34. Rh6 Qxh6 35. Qxh6 Rxg4+ 36. Kf2 Rg7 37. Bf5 Kf8 38. Qh8+ Kf7 39. e6+ Kf6 40. Qh6+ Kxf5 41. Qxg7 Kxe6 42. h4 Nd7 43. h5 Ne5 44. h6 Kf5 45. h7 Ng6 46. Qxb7 Rh8 47. Ne2 Kg5 48. Nd4 c5 49. Ne6+ Kh5 50. Qf7 Kh6 51. Qg7+ Kh5 52. Nxf4+ Nxf4 53. Qxh8 Nd3+ 54. Ke3 Nb4 55. Qg7 d4+ 56. Ke4 d3 57. h8R# 1-0

[Event "PNWCC vs Plovdiv Hybrid"]
[Site "Chess.com INT"]
[Date "2022.03.13"]
[Round "3"]
[White "Rahnev, Alexandr"]
[Black "Lee, Yesun"]
[Result "1/2-1/2"]
[WhiteElo "1974"]
[BlackElo "1742"]
[PlyCount "85"]
[EventDate "2022.03.12"]
[EventType "team-tourn"]
[EventRounds "4"]
[EventCountry "NET"]
[SourceTitle "EXT 2023"]
[Source "ChessBase"]
[SourceDate "2022.10.05"]
[SourceVersion "1"]
[SourceVersionDate "2022.10.05"]
[SourceQuality "1"]
[WhiteTeam "Plovdiv"]
[BlackTeam "PNWCC"]
[WhiteTeamCountry "BUL"]
[BlackTeamCountry "USA"]

1. d4 d5 2. c4 c6 3. Nc3 Nf6 4. Nf3 Bf5 5. Bg5 e6 6. e3 Be7 7. Bd3 Bxd3 8. Qxd3 Nbd7 9. 0-0 0-0 10. Rfe1 Re8 11. Rad1 Nf8 12. Bh4 Ng6 13. Bg3 Nh5 14. e4 Nxg3 15. hxg3 Bb4 16. a3 Bxc3 17. Qxc3 Rc8 18. Qb4 b6 19. Qa4 Re7 20. Rd2 h6 21. Ne5 Nxe5 22. dxe5 Rd7 23. exd5 cxd5 24. cxd5 Rxd5 25. Rxd5 Qxd5 26. Qe4 Qxe4 27. Rxe4 Rc1+ 28. Kh2 Rc2 29. f4 Rxb2 30. Rc4 g6 31. g4 Rb3 32. a4 Ra3 33. Kg1 a6 34. Kh2 b5 35. axb5 axb5 36. Rc8+ Kg7 37. Rb8 Rb3 38. Rb7 h5 39. g5 b4 40. Rb8 Rb2 41. Kh3 b3 42. g3 Rb1 43. Kg2 1/2-1/2